Performance of Digital Content Distribution Channels

Cieľom článku je zhodnotiť teoretické základy digitálneho marketingu s dôrazom na distribučné kanály digitálneho obsahu. Štúdia kombinuje kritický pohľad na existujúce teoretické rámcové modely s analýzou súčasných trendov a praktík digitálneho marketingu.

Salvato in:
Dettagli Bibliografici
Autore principale: Balaščáková, Simona, 1999-
Natura: Capitolo di libro
Lingua:inglese
Soggetti:
Tags: Aggiungi Tag
Nessun Tag, puoi essere il primo ad aggiungerne!!

MARC

LEADER 00000naa a2200000 4500
001 0305741
005 20241219102752.5
041 0 |a eng 
044 |a BG 
245 1 0 |a Performance of Digital Content Distribution Channels  |c Simona Balaščáková 
520 |a Cieľom článku je zhodnotiť teoretické základy digitálneho marketingu s dôrazom na distribučné kanály digitálneho obsahu. Štúdia kombinuje kritický pohľad na existujúce teoretické rámcové modely s analýzou súčasných trendov a praktík digitálneho marketingu. 
610 2 0 |a výkonnosť 
610 2 0 |a distribúcia informácií 
610 2 0 |a médiá sociálne 
610 2 0 |a marketing elektronický 
610 2 0 |a prostredie virtuálne 
100 1 |a Balaščáková, Simona, 1999-